[Event "Wch-15"]
[Site "Wch-15"]
[Date "1990.??.??"]
[Round "?"]
[White "O Duill, Anthony Francis"]
[Black "Reynolds, Robert I"]
[Result "1/2-1/2"]
[WhiteElo "2570"]
[BlackElo "2660"]
[PlyCount "86"]
[EventDate "1990.??.??"]
[Source "www.chesslib.no"]
[SourceDate "2004.05.04"]

1. d4 Nf6 2. c4 e5 3. dxe5 Ng4 4. e4 Nxe5 5. f4 Ng6 6. Nf3 Bb4+ 7. Nc3 d6 8. Bd3 Bxc3+ 9. bxc3 Nd7 10. Be3 b6 11. Qc2 Nc5 12. Bxc5 bxc5 13. e5 Nxf4 14. Be4 Rb8 15. O-O h6 16. Bc6+ Bd7 17. exd6 cxd6 18. Rae1+ Kf8 19. Bxd7 Qxd7 20. Nh4 g5 21. Nf5 Rg8 22. Re7 Qc6 23. Re4 Re8 24. Rfe1 Re6 25. Rxe6 fxe6 26. Nxh6 Rh8 27. Ng4 Kg7 28. Qd2 a5 29. Ne3 a4 30. a3 Rf8 31. Qd1 Rf6 32. h3 Rh6 33. Qd2 Rh8 34. Ng4 Rb8 35. h4 Rf8 36. hxg5 Rf5 37. Nf6 Qxg2+ 38. Qxg2 Nxg2 39. Nh5+ Kg6 40. Kxg2 Kxh5 41. Rxe6 Rf4 42. g6 Kh6 43. Rxd6 Rxc4 1/2-1/2

[Event "BL2-W 9394"]
[Site "GER"]
[Date "1994.??.??"]
[Round "?"]
[White "Dautov, Rustem"]
[Black "Van Wely, Loek"]
[Result "1/2-1/2"]
[WhiteElo "2625"]
[BlackElo "2570"]
[PlyCount "45"]
[EventDate "1993.10.??"]
[Source "www.chesslib.no"]
[SourceDate "2004.05.04"]

1. d4 Nf6 2. c4 e5 3. dxe5 Ng4 4. e4 Nxe5 5. f4 Nec6 6. a3 a5 7. Be3 Na6 8. Nc3 Bc5 9. Qd2 d6 10. Bd3 Qh4+ 11. g3 Qh5 12. Kf2 O-O 13. Nf3 Bg4 14. Be2 Rfe8 15. h3 Bxf3 16. Bxf3 Bxe3+ 17. Qxe3 Qc5 18. Qxc5 Nxc5 19. Rad1 a4 20. Nd5 Na6 21. Nc3 Nc5 22. Nd5 Na6 23. Nc3 1/2-1/2

[Event "Vrsac"]
[Site "?"]
[Date "1987.??.??"]
[Round "?"]
[White "Cvitan, O."]
[Black "Rogers, I."]
[Result "1/2-1/2"]
[WhiteElo "2510"]
[BlackElo "2535"]
[PlyCount "94"]
[EventDate "1987.??.??"]
[Source "ChessBase"]
[SourceDate "1987.07.01"]

1. d4 Nf6 2. c4 e5 3. dxe5 Ng4 4. e4 Nxe5 5. f4 Nec6 6. Be3 Bb4+ 7. Nc3 Bxc3+ 8. bxc3 Qe7 9. Bd3 Na6 10. Ne2 Nc5 11. O-O b6 12. Ng3 g6 13. Bd4 Rg8 14. e5 Bb7 15. Ne4 Nxe4 16. Bxe4 O-O-O 17. Qa4 Kb8 18. Rae1 Nxd4 19. cxd4 Bxe4 20. Rxe4 d5 21. Re3 dxc4 22. Qxc4 Qe6 23. Rc3 Rd7 24. Qxe6 fxe6 25. Rc6 Re8 26. Rfc1 Ree7 27. R6c4 Rd5 28. Kf2 b5 29. Rc5 Rxd4 30. Rxb5+ Kc8 31. Ke3 Red7 32. Rc2 Ra4 33. g3 Ra3+ 34. Rb3 Rxb3+ 35. axb3 Rd1 36. h4 Rb1 37. Rc3 h5 38. Kd4 Kb7 39. Kc5 Rd1 40. b4 a6 41. g4 Rf1 42. gxh5 gxh5 43. Rg3 Rxf4 44. Rg6 Rxh4 45. Rxe6 Rh1 46. Rh6 h4 47. e6 h3 1/2-1/2

[Event "X Olimpiade-Fin"]
[Site "X Olimpiade-Fin"]
[Date "1991.??.??"]
[Round "?"]
[White "Hollis"]
[Black "Venturino M"]
[Result "1/2-1/2"]
[WhiteElo "2595"]
[BlackElo "2445"]
[PlyCount "92"]
[EventDate "1991.??.??"]
[Source "www.chesslib.no"]
[SourceDate "2004.05.04"]

1. d4 Nf6 2. c4 e5 3. dxe5 Ng4 4. e4 Nxe5 5. f4 Nec6 6. Be3 Bb4+ 7. Kf2 Na6 8. Nf3 Bc5 9. Nc3 Bxe3+ 10. Kxe3 Nc5 11. g3 O-O 12. Bg2 Re8 13. Re1 d6 14. Kf2 Be6 15. b3 a5 16. Rb1 f6 17. Nd4 Nxd4 18. Qxd4 c6 19. Bf3 Qb6 20. Red1 Qb4 21. Kg1 Bf7 22. Kh1 Re7 23. Qd2 Rae8 24. f5 Rd7 25. g4 a4 26. bxa4 Qa5 27. Qc2 Bxc4 28. Rd4 Ba6 29. Rbd1 Qd8 30. Qd2 Qe7 31. Rxd6 Red8 32. Rxd7 Rxd7 33. Qe3 Bd3 34. Kg1 Qe5 35. Ne2 Bxe2 36. Qxe2 Rd4 37. a5 Kf8 38. Qe3 Rxd1+ 39. Bxd1 Nxe4 40. Be2 h5 41. gxh5 Qxf5 42. Bd3 Qg4+ 43. Kf1 Qd1+ 44. Kg2 Qg4+ 45. Kf1 f5 46. h6 Qd1+ 1/2-1/2

[Event "Ch team"]
[Site "HUN"]
[Date "1994.??.??"]
[Round "?"]
[White "Gelpke, Peter"]
[Black "Piket, Jeroen"]
[Result "0-1"]
[WhiteElo "2405"]
[BlackElo "2605"]
[PlyCount "58"]
[EventDate "1994.??.??"]
[Source "www.chesslib.no"]
[SourceDate "2004.05.04"]

1. d4 Nf6 2. c4 e5 3. dxe5 Ng4 4. e4 Nxe5 5. f4 Nec6 6. Nc3 Bc5 7. Nf3 O-O 8. Bd3 d6 9. h3 Re8 10. Kf1 Nd4 11. Nxd4 Bxd4 12. Bd2 Na6 13. Qf3 Nc5 14. Bc2 Bd7 15. Re1 a5 16. g4 Bc6 17. Rh2 a4 18. Rhe2 Qd7 19. b4 axb3 20. axb3 b5 21. b4 Bxc3 22. Qxc3 Na4 23. Bxa4 Rxa4 24. c5 dxc5 25. Qxc5 Ra3 26. Bc3 h5 27. Re3 Rxe4 28. Bxg7 Rxf4+ 29. Kg1 Rxg4+ 0-1

[Event "Deutschland"]
[Site "?"]
[Date "2002.12.15"]
[Round "3.1"]
[White "Schebler Gerhard"]
[Black "Reinderman Dimitri"]
[Result "0-1"]
[WhiteElo "2484"]
[BlackElo "2506"]
[PlyCount "105"]
[EventDate "2002.??.??"]
[Source "www.chesslib.no"]
[SourceDate "2004.05.04"]

1. d4 Nf6 2. c4 e5 3. dxe5 Ng4 4. e4 Nxe5 5. f4 Nec6 6. a3 d6 7. Nc3 g6 8. Bd3 Bg7 9. Nf3 Bg4 10. O-O O-O 11. h3 Bxf3 12. Qxf3 Nd4 13. Qd1 Nd7 14. Rb1 Re8 15. Be3 a5 16. Bf2 c6 17. Re1 Qf6 18. Bf1 Rad8 19. g3 Nc5 20. b4 axb4 21. axb4 Nce6 22. Re3 Rd7 23. Rd3 b6 24. b5 c5 25. Nd5 Qd8 26. Ra3 Rb7 27. Bg2 Nc7 28. Nxc7 Rxc7 29. Rba1 Rce7 30. R1a2 Qd7 31. Ra8 Qe6 32. Qd3 Rxa8 33. Rxa8+ Re8 34. Ra6 Rb8 35. h4 Kh8 36. Ra7 Qe8 37. Kh2 Qe6 38. Bh3 Qe8 39. Bg2 Qe6 40. Bh3 Qe8 41. Ra6 Qe7 42. g4 h6 43. g5 hxg5 44. hxg5 f6 45. gxf6 Qxf6 46. Bg3 g5 47. f5 Qh6 48. Qd1 g4 49. Qxg4 Be5 50. Bxe5+ dxe5 51. Qg2 Rg8 52. Qf1 Qe3 53. Bg2 0-1

[Event "Benasque op"]
[Site "Benasque"]
[Date "1996.??.??"]
[Round "1"]
[White "Suba, Mihai"]
[Black "Gonzalez Garcia, Jose"]
[Result "0-1"]
[WhiteElo "2520"]
[BlackElo "2460"]
[PlyCount "110"]
[EventDate "1996.07.??"]
[Source "ChessBase"]

1. c4 Nf6 2. d4 e5 3. dxe5 Ng4 4. e4 Nxe5 5. f4 Nec6 6. a3 a5 7. Be3 Na6 8. Qd5 b6 9. Nc3 Bc5 10. Bxc5 Nxc5 11. Nf3 Bb7 12. O-O-O Qe7 13. Qh5 O-O-O 14. Bd3 a4 15. Bc2 Na5 16. Rhe1 Nxc4 17. Nxa4 Nxa4 18. Bxa4 Qf6 19. Rd4 Qxf4+ 20. Kb1 Nd6 21. e5 Qf5+ 22. Qxf5 Nxf5 23. Rf4 Bxf3 24. gxf3 Nh6 25. Bb3 Rhf8 26. Rg1 Rde8 27. Rxg7 Rxe5 28. Rxh7 Nf5 29. Rh5 Re1+ 30. Ka2 Nd6 31. Rh6 Re2 32. Ra4 Kd8 33. h4 Rf2 34. Bd5 Ke7 35. Rd4 Nb5 36. Rd3 Rg8 37. Re3+ Kf8 38. Rf6 Nd6 39. Rb3 Rgg2 40. Rf4 c6 41. Bc4 b5 42. Bd3 Nb7 43. Rg4 Rh2 44. Rbb4 Nc5 45. Bf5 Rxf3 46. Rgf4 Rxf4 47. Rxf4 Ke7 48. Kb1 d5 49. Bc2 Ne6 50. Rg4 c5 51. a4 Nd4 52. Bd1 Rh1 53. Kc1 bxa4 54. h5 Nf5 55. Rg5 Kf6 0-1

[Event "Open ch-NOR"]
[Site "Oslo"]
[Date "2004.04.09"]
[Round "7"]
[White "Williams, Simon"]
[Black "Miezis, Normunds"]
[Result "1-0"]
[WhiteElo "2411"]
[BlackElo "2530"]
[PlyCount "61"]
[EventDate "2004.04.03"]
[Source "Roberto Alvarez"]
[SourceDate "2004.04.19"]

1. d4 Nf6 2. c4 e5 3. dxe5 Ng4 4. e4 Nxe5 5. f4 Ng6 6. Nf3 Bb4+ 7. Nc3 d6 8. h4 Qf6 9. f5 Ne5 10. Bg5 Nxf3+ 11. Qxf3 Bxc3+ 12. bxc3 Qe5 13. O-O-O f6 14. Rd5 Qe7 15. Bf4 Nd7 16. c5 Nxc5 17. Rxc5 dxc5 18. Bc4 b5 19. Bd5 Rb8 20. e5 Rb6 21. Re1 Kd8 22. Rd1 Ke8 23. Re1 Kd8 24. Qd1 c4 25. exf6 Qa3+ 26. Kb1 Bxf5+ 27. Be4+ Bd7 28. fxg7 Re8 29. Bxh7 Rxe1 30. g8=Q+ Re8 31. Qgd5 1-0

[Event "Kecskemet"]
[Site "?"]
[Date "1991.??.??"]
[Round "?"]
[White "Mikhalchishin, A."]
[Black "Lendwai, R."]
[Result "1-0"]
[WhiteElo "2520"]
[BlackElo "2405"]
[PlyCount "59"]
[EventDate "1991.??.??"]
[Source "ChessBase"]
[SourceDate "1991.06.01"]

1. d4 Nf6 2. c4 e5 3. dxe5 Ng4 4. e4 Nxe5 5. f4 Ng6 6. Be3 Nc6 7. a3 b6 8. Nc3 Bc5 9. Qd3 O-O 10. Nf3 Ba6 11. g3 Bxc4 12. Qxc4 Bxe3 13. Nd5 b5 14. Qc3 Bb6 15. Bxb5 Nce7 16. Nxb6 cxb6 17. f5 Rc8 18. Qd3 Nh8 19. Bxd7 Rc5 20. Rd1 Qc7 21. O-O Rc2 22. Qb3 Re2 23. e5 Qc5+ 24. Kh1 Re3 25. Qa4 Rxf3 26. Rxf3 Qxe5 27. Qd4 Qe2 28. Re3 Qf2 29. Rxe7 Qf3+ 30. Kg1 1-0

[Event "Yerevan"]
[Site "Erevan ARM"]
[Date "1984.??.??"]
[Round "?"]
[White "Petrosian, Arshak B"]
[Black "Pytel, Krzysztof"]
[Result "1-0"]
[WhiteElo "2470"]
[BlackElo "2440"]
[PlyCount "85"]
[EventDate "1984.10.??"]
[Source "www.chesslib.no"]
[SourceDate "2004.05.04"]

1. d4 Nf6 2. c4 e5 3. dxe5 Ng4 4. e4 Nxe5 5. f4 Nec6 6. Nf3 Bc5 7. Nc3 d6 8. Bd3 a5 9. Qe2 O-O 10. Be3 Na6 11. O-O Bg4 12. Rad1 Re8 13. Rfe1 f5 14. Qf2 Bxe3 15. Rxe3 Nc5 16. Bb1 fxe4 17. Nxe4 Nxe4 18. Bxe4 Qf6 19. Rde1 Kh8 20. Bxc6 Rxe3 21. Qxe3 bxc6 22. Qe8+ Qf8 23. Qxc6 Rb8 24. b3 Bxf3 25. Qxf3 Re8 26. Qc3 h6 27. Qxa5 Rxe1+ 28. Qxe1 Qxf4 29. h3 c6 30. Qe8+ Kh7 31. Qxc6 Qe3+ 32. Kf1 Qc1+ 33. Kf2 Qd2+ 34. Kg3 Qxa2 35. Qe4+ Kh8 36. Qe8+ Kh7 37. Qe4+ Kh8 38. Qd3 Qb2 39. Kh2 Qe5+ 40. Qg3 Qd4 41. Qe1 d5 42. cxd5 Qxd5 43. b4 1-0

[Event "Pancevo"]
[Site "Pancevo"]
[Date "1985.??.??"]
[Round "11"]
[White "Sahovic, Dragutin"]
[Black "Haik, Aldo"]
[Result "1-0"]
[WhiteElo "2460"]
[BlackElo "2440"]
[PlyCount "89"]
[EventDate "1985.??.??"]
[Source "www.chesslib.no"]
[SourceDate "2004.05.04"]

1. d4 Nf6 2. c4 e5 3. dxe5 Ng4 4. e4 Nxe5 5. f4 Nec6 6. Nc3 Bc5 7. Nf3 O-O 8. Bd3 d6 9. Bd2 Re8 10. Qe2 Bg4 11. O-O-O Nd7 12. h3 Bxf3 13. gxf3 Bd4 14. h4 Nc5 15. Bc2 f5 16. Nd5 a5 17. h5 h6 18. Qg2 Ne7 19. Bc3 Bxc3 20. Nxc3 Rf8 21. Rhg1 Rf7 22. exf5 Qf8 23. Nb5 Nxf5 24. Bxf5 Rxf5 25. Nxc7 Rc8 26. Nd5 Kh8 27. Qg6 Re8 28. Kb1 Re6 29. Qg4 Qf7 30. Rh1 a4 31. Rd2 a3 32. Rg2 b5 33. b3 bxc4 34. bxc4 Re8 35. Rhg1 Rb8+ 36. Kc1 Rb7 37. Qg6 Qf8 38. Re2 Rff7 39. Rge1 Rb8 40. Re7 Rxe7 41. Rxe7 Ra8 42. Rf7 Qg8 43. Nf6 Nd3+ 44. Kd2 Nxf4 45. Qf5 1-0

[Event "Hamburg HSK"]
[Site "Hamburg"]
[Date "1991.??.??"]
[Round "8"]
[White "Haik, Aldo"]
[Black "Horvath, Tamas"]
[Result "1/2-1/2"]
[WhiteElo "2435"]
[BlackElo "2415"]
[PlyCount "90"]
[EventDate "1991.??.??"]
[Source "ChessBase"]

1. d4 Nf6 2. c4 e5 3. dxe5 Ng4 4. e4 Nxe5 5. f4 Ng6 6. Nf3 Bb4+ 7. Nc3 Bxc3+ 8. bxc3 d6 9. f5 Ne5 10. c5 O-O 11. cxd6 Re8 12. Be2 Nxf3+ 13. gxf3 cxd6 14. Bf4 d5 15. Qxd5 Qxd5 16. exd5 Bxf5 17. Kf2 Nd7 18. Rhd1 Rac8 19. c4 f6 20. Rd2 Kf7 21. Rad1 g5 22. Be3 b6 23. a4 a5 24. Rb2 Rb8 25. Rb5 Rec8 26. Rd2 Ne5 27. Bxb6 Nxc4 28. Bxc4 Rxc4 29. Bxa5 Rxb5 30. axb5 Rc5 31. Rb2 Bc8 32. d6 Ke6 33. Bc7 Bb7 34. Rb3 Kd7 35. b6 h5 36. Re3 Re5 37. Rc3 Rb5 38. Bb8 Rxb6 39. Rc7+ Kd8 40. Rh7 Rb2+ 41. Ke3 Rb3+ 42. Kd4 Bxf3 43. Bc7+ Kc8 44. Rf7 Bg4 45. Rxf6 Kd7 1/2-1/2

[Event "GER CupT"]
[Site "GER"]
[Date "1991.??.??"]
[Round "?"]
[White "Dautov, Rustem"]
[Black "Koepf, Ulrich"]
[Result "1-0"]
[WhiteElo "2570"]
[BlackElo "2275"]
[PlyCount "53"]
[EventDate "1991.??.??"]
[Source "www.chesslib.no"]
[SourceDate "2004.05.04"]

1. d4 Nf6 2. c4 e5 3. dxe5 Ng4 4. e4 Nxe5 5. f4 Nec6 6. Be3 Na6 7. Nc3 Bc5 8. Qd2 d6 9. Bd3 Bg4 10. Nge2 Qh4+ 11. Ng3 Bxe3 12. Qxe3 Nc5 13. O-O Nxd3 14. Qxd3 O-O-O 15. Nd5 Rhe8 16. b4 Kb8 17. b5 Ne7 18. a4 Nxd5 19. cxd5 Bc8 20. Rac1 g6 21. a5 Rd7 22. Rc4 Rde7 23. Qc3 f5 24. b6 fxe4 25. Rxc7 a6 26. Rc1 Bg4 27. f5 1-0

[Event "Tashkent Hodzhaev Memorial"]
[Site "Tashkent UZB"]
[Date "1987.??.??"]
[Round "?"]
[White "Kuzmin, Alexey"]
[Black "Epishin, Vladimir V"]
[Result "1/2-1/2"]
[WhiteElo "2440"]
[BlackElo "2400"]
[PlyCount "44"]
[EventDate "1987.??.??"]
[Source "www.chesslib.no"]
[SourceDate "2004.05.04"]

1. d4 Nf6 2. c4 e5 3. dxe5 Ng4 4. e4 Nxe5 5. f4 Nec6 6. Nf3 Bc5 7. Nbd2 d6 8. Nb3 Bb6 9. c5 Bxc5 10. Nxc5 dxc5 11. Qxd8+ Nxd8 12. f5 O-O 13. Bf4 Re8 14. O-O-O Ndc6 15. Bc4 Na5 16. Bd3 b6 17. Bxc7 Ba6 18. Bc2 Nbc6 19. Rhe1 Rac8 20. Bf4 Nb4 21. a3 Nxc2 22. Kxc2 Red8 1/2-1/2

[Event "URS-sf Ukraine Ch"]
[Site "Kherson UKR"]
[Date "1989.??.??"]
[Round "?"]
[White "Novikov, Igor A"]
[Black "Moroz, Alexander"]
[Result "1-0"]
[WhiteElo "2490"]
[BlackElo "2345"]
[PlyCount "69"]
[EventDate "1989.11.??"]
[Source "www.chesslib.no"]
[SourceDate "2004.05.04"]

1. d4 Nf6 2. c4 e5 3. dxe5 Ng4 4. e4 Nxe5 5. f4 Nec6 6. Nf3 Bc5 7. Nc3 d6 8. Bd3 Bg4 9. h3 Bxf3 10. Qxf3 Nd4 11. Qg3 O-O 12. Bd2 a6 13. O-O-O b5 14. Kb1 bxc4 15. Bxc4 Kh8 16. Be3 Ne6 17. Bxe6 Bxe3 18. Bd5 c6 19. Qxe3 cxd5 20. Rxd5 Nc6 21. Rhd1 Na5 22. Rxd6 Qc8 23. R6d5 Nc4 24. Qc5 Rb8 25. b3 h6 26. Rc1 Re8 27. Qxc8 Rexc8 28. Nd1 g5 29. fxg5 hxg5 30. Ka1 Na3 31. Rxc8+ Rxc8 32. Kb2 Nc2 33. a3 Ne1 34. Ne3 f5 35. Rd1 1-0

[Event "Moscow RUS"]
[Site "?"]
[Date "2002.??.??"]
[Round "1"]
[White "Naumkin Igor"]
[Black "Koptsov Mikhail"]
[Result "1/2-1/2"]
[WhiteElo "2436"]
[BlackElo "2365"]
[PlyCount "39"]
[EventDate "2002.??.??"]
[Source "www.chesslib.no"]
[SourceDate "2004.05.04"]

1. d4 Nf6 2. c4 e5 3. dxe5 Ng4 4. e4 Nxe5 5. f4 Nec6 6. Be3 Bb4+ 7. Nc3 Qh4+ 8. g3 Bxc3+ 9. bxc3 Qe7 10. Bg2 d6 11. Kf2 O-O 12. Qc2 Na6 13. Nf3 Bd7 14. Rhe1 Rae8 15. Nd2 b6 16. Kg1 Nc5 17. h3 Qd8 18. Rad1 Qc8 19. Kh2 h6 20. Bf2 1/2-1/2

[Event "TCh-FIN 2003-4"]
[Site "Finland"]
[Date "2003.11.15"]
[Round "4"]
[White "Norri, Joose"]
[Black "Maki Uuro, Miika"]
[Result "1-0"]
[WhiteElo "2404"]
[BlackElo "2391"]
[PlyCount "79"]
[EventDate "2003.09.06"]
[Source "Roberto Alvarez"]
[SourceDate "2004.03.22"]

1. d4 Nf6 2. c4 e5 3. dxe5 Ng4 4. e4 Nxe5 5. f4 Nec6 6. Be3 Bb4+ 7. Nc3 Qh4+ 8. g3 Bxc3+ 9. bxc3 Qe7 10. Bg2 b6 11. Ne2 Bb7 12. O-O Na6 13. Nd4 Nxd4 14. Bxd4 O-O 15. f5 f6 16. e5 Bxg2 17. exf6 gxf6 18. Re1 Qf7 19. Kxg2 c5 20. Qg4+ Qg7 21. Qxg7+ Kxg7 22. Be3 Nb8 23. Rad1 Rf7 24. Rd6 Nc6 25. Bf4 Na5 26. Re4 h5 27. g4 hxg4 28. Bg3 Rg8 29. Bh4 Nb7 30. Rd5 Kh6 31. Kg3 Kh5 32. a3 Na5 33. Rd6 Nb7 34. Rd3 Na5 35. h3 gxh3+ 36. Kxh3 Rg1 37. Bf2 Rh1+ 38. Kg2 Rb1 39. Rg3 Rb2 40. Kh3 1-0

[Event "Open A"]
[Site "Zadar CRO"]
[Date "2007.12.18"]
[Round "4"]
[White "Zaja, I."]
[Black "Kristovic, M."]
[Result "1-0"]
[WhiteElo "2467"]
[BlackElo "2316"]
[PlyCount "91"]
[EventDate "2007.12.16"]
[Source "www.chesslib.no"]
[SourceDate "2004.05.04"]

1. d4 Nf6 2. c4 e5 3. dxe5 Ng4 4. e4 Nxe5 5. f4 Nec6 6. Be3 b6 7. Nc3 Bb4 8. Bd3 d6 9. Nge2 O-O 10. O-O Bc5 11. Qd2 Re8 12. Nd5 a5 13. Rae1 Nb4 14. Bb1 Nxd5 15. cxd5 Ba6 16. Bd3 Nd7 17. Bxa6 Rxa6 18. Nc3 a4 19. Qd3 Ra5 20. Kh1 Bxe3 21. Rxe3 Nc5 22. Qe2 Qd7 23. e5 g6 24. Re1 c6 25. Rd1 dxe5 26. Rxe5 Raa8 27. dxc6 Qxc6 28. Nd5 Kg7 29. Ne7 Qf6 30. Re1 Qxf4 31. Rf1 Qd4 32. Nxg6 Nd3 33. Qf3 hxg6 34. Qf6+ Kh6 35. Rh5+ Kxh5 36. Qxd4 Ne5 37. Qxb6 f5 38. h3 a3 39. bxa3 Rxa3 40. Qb5 Raa8 41. Re1 Rab8 42. Qa4 g5 43. Qd4 Rbd8 44. Qa7 Kh6 45. Qb6+ Kh5 46. Qc7 1-0

[Event "Polanica Zdroj POL,  Open A 2005"]
[Site "?"]
[Date "2005.??.??"]
[Round "10.5"]
[White "Jedynak Radoslaw"]
[Black "Owczarzak Jerzy"]
[Result "1/2-1/2"]
[WhiteElo "2394"]
[BlackElo "2368"]
[PlyCount "75"]
[EventDate "2005.??.??"]
[Source "www.chesslib.no"]
[SourceDate "2004.05.04"]

1. d4 Nf6 2. c4 e5 3. dxe5 Ng4 4. e4 Nxe5 5. Nc3 Bc5 6. Be2 d6 7. Nf3 Nbc6 8. O-O O-O 9. b3 Re8 10. Bb2 a5 11. Nxe5 dxe5 12. Qxd8 Nxd8 13. Nd5 Ne6 14. Bg4 Ng5 15. Bf3 Nxf3+ 16. gxf3 Bd6 17. c5 c6 18. cxd6 cxd5 19. exd5 f6 20. Rac1 Rd8 21. Ba3 b5 22. Bc5 Bb7 23. Rfd1 Rd7 24. Kf1 g5 25. Ke2 Kf7 26. Ke3 Kg6 27. a3 Kf5 28. b4 a4 29. h4 Re8 30. hxg5 fxg5 31. Rh1 Bxd5 32. Rh6 Re6 33. Rch1 Rxh6 34. Rxh6 Be6 35. Kd2 Bd5 36. Ke3 Be6 37. Rh1 Bb3 38. Rh6 1/2-1/2

[Event "5. Abierto Vila de Padrón"]
[Site "Padron"]
[Date "2004.08.24"]
[Round "5.6"]
[White "Hernandez, Holden"]
[Black "Garcia Castro, Pablo"]
[Result "0-1"]
[WhiteElo "2405"]
[BlackElo "2356"]
[PlyCount "50"]
[EventDate "2004.08.20"]
[Source "Roberto Alvarez"]
[SourceDate "2004.09.06"]

1. d4 Nf6 2. c4 e5 3. dxe5 Ng4 4. e4 Nxe5 5. a3 a5 6. f4 Nec6 7. Nf3 Bc5 8. Nc3 d6 9. h3 O-O 10. Bd3 Re8 11. Ne2 Nd7 12. Qc2 f5 13. exf5 Nd4 14. Nfxd4 Bxd4 15. Kf1 Bb6 16. Be4 Nc5 17. Bd5+ Kh8 18. Bd2 c6 19. Bf3 d5 20. cxd5 cxd5 21. g4 Bd7 22. a4 Rc8 23. Bc3 Ne4 24. Rd1 Qh4 25. Bxe4 Qf2# 0-1

[Event "Budapest HUN"]
[Site "?"]
[Date "1998.07.08"]
[Round "5"]
[White "Alienkin Aleksander"]
[Black "Kahn Evarth"]
[Result "1/2-1/2"]
[WhiteElo "2415"]
[BlackElo "2330"]
[PlyCount "35"]
[EventDate "1998.??.??"]
[Source "www.chesslib.no"]
[SourceDate "2004.05.04"]

1. d4 Nf6 2. c4 e5 3. dxe5 Ng4 4. e4 Nxe5 5. f4 Nec6 6. Be3 Bb4+ 7. Kf2 Na6 8. Nf3 Bc5 9. Nc3 Bxe3+ 10. Kxe3 Qe7 11. Bd3 Qc5+ 12. Kd2 d6 13. Qg1 Qb4 14. Kc2 Nc5 15. Nd5 Qa5 16. Qe1 Qa4+ 17. b3 Qa3 18. Qc1 1/2-1/2

[Event "Bled op"]
[Site "Bled"]
[Date "1999.03.26"]
[Round "7"]
[White "Soln, Primoz"]
[Black "Bozanic, Ivica"]
[Result "1/2-1/2"]
[WhiteElo "2425"]
[BlackElo "2305"]
[PlyCount "35"]
[EventDate "1999.03.20"]
[Source "ChessBase"]
[SourceDate "1999.05.10"]

1. d4 Nf6 2. c4 e5 3. dxe5 Ng4 4. e4 Nxe5 5. f4 Nec6 6. Be3 Bb4+ 7. Nc3 Qe7 8. Bd3 Bxc3+ 9. bxc3 Na6 10. Ne2 Nc5 11. Ng3 Nxd3+ 12. Qxd3 d6 13. c5 dxc5 14. Qb5 a6 15. Qxc5 Qxc5 16. Bxc5 b6 17. Ba3 Be6 18. O-O 1/2-1/2

[Event "Hungary"]
[Site "?"]
[Date "2001.??.??"]
[Round "6"]
[White "Mester Gyula"]
[Black "Khechumyan Gagik"]
[Result "1-0"]
[WhiteElo "2414"]
[BlackElo "2315"]
[PlyCount "147"]
[EventDate "2001.??.??"]
[Source "www.chesslib.no"]
[SourceDate "2004.05.04"]

1. d4 Nf6 2. c4 e5 3. dxe5 Ng4 4. e4 Nxe5 5. a3 a5 6. Nf3 Nxf3+ 7. Qxf3 Bc5 8. Qg3 O-O 9. Bd3 Nc6 10. Nc3 Bd4 11. Nb5 Be5 12. f4 Bf6 13. O-O d6 14. Be3 Bxb2 15. Rad1 Qe7 16. Qf2 Bf6 17. e5 Nxe5 18. fxe5 Bxe5 19. Bf4 Be6 20. Bxe5 dxe5 21. Qe3 c6 22. Nd6 Rad8 23. c5 f6 24. Qe1 b6 25. Qe4 g6 26. Qxc6 bxc5 27. Be2 Rd7 28. Ne4 Rc7 29. Qd6 f5 30. Qxe7 Rxe7 31. Nxc5 Bc8 32. a4 Kg7 33. Rd6 Rf6 34. Rfd1 Rc7 35. Rxf6 Kxf6 36. Nb3 Bd7 37. Bb5 Bxb5 38. axb5 Rb7 39. Rd6+ Ke7 40. Rd5 Ke6 41. Nxa5 Rc7 42. Rd1 Rc5 43. Rb1 Kd7 44. Nc6 Kc8 45. Re1 e4 46. Kf2 Kb7 47. Nd4 Rc3 48. Re3 Rc1 49. Rh3 Rc7 50. Rb3 Kb6 51. Ke3 Rc1 52. Ra3 Rd1 53. Ra6+ Kc5 54. Rc6+ Kd5 55. Ne2 Rd3+ 56. Kf4 Rb3 57. Rc7 Rb2 58. Ke3 Ke5 59. Rc5+ Kd6 60. Rc6+ Ke5 61. g3 Rxb5 62. Rc7 g5 63. Re7+ Kf6 64. Rxh7 Rb3+ 65. Kf2 f4 66. Rh6+ Ke5 67. Re6+ Kd5 68. Rg6 fxg3+ 69. hxg3 Rf3+ 70. Ke1 Rf5 71. g4 Re5 72. Kf2 e3+ 73. Kf3 Kc4 74. Rd6 1-0

[Event "Budapest IM-A"]
[Site "Budapest HUN"]
[Date "1990.??.??"]
[Round "11"]
[White "Stajcic, Nikola"]
[Black "Biro, Sandor"]
[Result "0-1"]
[WhiteElo "2290"]
[BlackElo "2435"]
[PlyCount "70"]
[EventDate "1990.??.??"]
[Source "www.chesslib.no"]
[SourceDate "2004.05.04"]

1. d4 Nf6 2. c4 e5 3. dxe5 Ng4 4. e4 Nxe5 5. f4 Nec6 6. Nf3 Bc5 7. Nc3 d6 8. f5 Nd7 9. Bg5 f6 10. Bf4 Bb4 11. Qc2 Nc5 12. O-O-O Bxc3 13. Qxc3 O-O 14. Bd3 a5 15. a3 Qe8 16. Rhe1 Bd7 17. Bc2 a4 18. g4 Na5 19. g5 Qf7 20. gxf6 Qxc4 21. fxg7 Rf7 22. Qxc4 Nxc4 23. Bh6 Re8 24. Nd4 b5 25. h4 Ne5 26. Rg1 Bc6 27. Nxc6 Nxc6 28. Rd5 Nb3+ 29. Bxb3 axb3 30. Rxb5 Nd4 31. Rd5 Ne2+ 32. Kd2 Nxg1 33. Rd3 Rxe4 34. Rxb3 Re8 35. Rb7 Nf3+ 0-1

[Event "XI Festival"]
[Site "Voronezh RUS"]
[Date "2007.06.18"]
[Round "6"]
[White "Khismatullin, D."]
[Black "Kabanova, E."]
[Result "1-0"]
[WhiteElo "2570"]
[BlackElo "2151"]
[PlyCount "90"]
[EventDate "2007.06.12"]
[Source "www.chesslib.no"]
[SourceDate "2004.05.04"]

1. d4 Nf6 2. c4 e5 3. dxe5 Ng4 4. e4 Nxe5 5. f4 Nec6 6. Be3 Bb4+ 7. Nd2 Qe7 8. Qc2 Na6 9. Ngf3 O-O 10. a3 Bc5 11. Qc3 f5 12. e5 Bxe3 13. Qxe3 Nc5 14. b4 Ne6 15. c5 b6 16. cxb6 axb6 17. Rc1 Kh8 18. Bc4 Ncd8 19. Bd5 Ra7 20. O-O Ba6 21. Rfd1 Bb5 22. Rc3 c5 23. bxc5 bxc5 24. Nc4 Bc6 25. Nd6 Bxd5 26. Nc8 Qf7 27. Nxa7 Bxf3 28. Qxf3 d5 29. Nb5 d4 30. Rcc1 Qb7 31. Qxb7 Nxb7 32. Rb1 Na5 33. Nd6 c4 34. Rb5 c3 35. Rxa5 c2 36. Rf1 d3 37. Rd5 Nxf4 38. Rc5 h6 39. Kf2 Rb8 40. Ke3 Nxg2+ 41. Kxd3 Rb1 42. Rxc2 Rxf1 43. Rxg2 Rf3+ 44. Kd4 Rxa3 45. e6 Ra7 1-0

[Event "HUN-chT 0203"]
[Site "?"]
[Date "2003.04.13"]
[Round "11"]
[White "Popovics Adam"]
[Black "Szabo Zsolt"]
[Result "1/2-1/2"]
[WhiteElo "2351"]
[BlackElo "2369"]
[PlyCount "48"]
[EventDate "2003.??.??"]
[Source "www.chesslib.no"]
[SourceDate "2004.05.04"]

1. d4 Nf6 2. c4 e5 3. dxe5 Ng4 4. e4 Nxe5 5. a3 Nbc6 6. f4 Ng6 7. Be3 b6 8. Nc3 Bc5 9. Bxc5 bxc5 10. g3 Rb8 11. Qd2 Nd4 12. Rd1 O-O 13. Nce2 Nb3 14. Qd3 d6 15. Bg2 Qe7 16. Nc3 Be6 17. Nge2 Na5 18. Nd5 Bxd5 19. cxd5 Qf6 20. Rd2 Nb3 21. Rc2 Rb6 22. O-O Ne7 23. Qe3 g6 24. Rd1 Qg7 1/2-1/2

[Event "Maromme Open"]
[Site "Maromme"]
[Date "1994.??.??"]
[Round "?"]
[White "Martine, Jean Christophe"]
[Black "Legky, Nikolay A"]
[Result "0-1"]
[WhiteElo "2190"]
[BlackElo "2525"]
[PlyCount "62"]
[EventDate "1994.??.??"]
[Source "www.chesslib.no"]
[SourceDate "2004.05.04"]

1. d4 Nf6 2. c4 e5 3. dxe5 Ng4 4. e4 Nxe5 5. f4 Nec6 6. Be3 Bb4+ 7. Nd2 Qe7 8. Qc2 Na6 9. Ngf3 Nc5 10. O-O-O a5 11. a3 Bxd2+ 12. Nxd2 a4 13. Be2 O-O 14. Kb1 b6 15. Bf3 d6 16. g4 Bb7 17. Nf1 Na5 18. Bxc5 bxc5 19. Ng3 Qe6 20. Be2 Nb3 21. h3 Nd4 22. Qd2 Bxe4+ 23. Nxe4 Qxe4+ 24. Bd3 Qb7 25. Qf2 Rfb8 26. Rhe1 Ra6 27. Re7 Rb6 28. Rd2 Kf8 29. Re4 Rb3 30. Ka1 Rxd3 31. Rxd4 Rxd4 0-1